| 000 | 00510nam a22001937a 4500 | ||
|---|---|---|---|
| 003 | LK-CoDNM | ||
| 005 | 20250206094007.0 | ||
| 008 | 250206b |||||||| |||| 00| 0 eng d | ||
| 040 |
_aLK-CoDNM _dLK-CoDNM _eLK-CoDNM |
||
| 041 | _aeng | ||
| 080 | _a77 | ||
| 100 | _aDunlop, D.M. | ||
| 110 | _aDavidson, L.S.P. and others | ||
| 245 | _aTextbook of Medical Treatment - v edition | ||
| 260 |
_aEdinburgh _bE & S. Livingstone LTD. _c1949 |
||
| 300 | _axvi, 999p. ; 24 cm | ||
| 650 | _aScience | ||
| 942 | _cBK | ||
| 999 |
_c237891 _d237891 |
||